00576nam a2200193Ia 450000500170000000800410001702000230005804000190008104100120010008200160011210000140012824500480014226000570019030000310024750400500027865000190032865100250034785000100037220230127105102.0131103s9999 xx 000 0 und d a8173045879cRs 150 aLoreto College aEnglish a954.01bJHA aJha, D.N. aEarly India b A concise history cD.N. Jha aNew DelhibManohar Publishers and Distributorsc2005 a269pb maps,plates, photos aIncludes bibliographical references and index aIndia, History aIndia, Early History aLCLIB